Language Quiz

Random Language or Letter Quiz

Three Letter Crawl Quiz Stats

 Plays Quiz Updated Jan 18, 2018

Challenge
Share
Tweet
Embed
Score 0/35 Timer 10:00
0 Plays Today
3 Letter Word Word % Correct
Word 1SANTa Claus
95.3%
Word 1ANTidote
71.6%
Word 4BATman
63.7%
Word 4reBATe
48.3%
Word 3illustRATe
45.9%
Word 3serRATed
40.7%
Word 3cRATe
40.5%
Word 1dismANTle
37%
Word 5SaMANtha
33.1%
Word 2YuCATan
31.2%
Word 1abundANT
29.3%
Word 3RAThbone
27.2%
Word 4acroBATic
26.5%
Word 4sunBATher
26.2%
Word 2CATcher
26.1%
Word 2syndiCATion
24.7%
Word 2intoxiCATed
23.7%
Word 5OMAN
21.9%
3 Letter Word Word % Correct
Word 2sCAThing
21.5%
Word 4bloodBATh
21.1%
Word 3quadRATic
19.7%
Word 1GiANT
18.2%
Word 5salaMANder
17.2%
Word 3coopeRATion
16.6%
Word 5BeatleMANia
15.4%
Word 2deliCATe
14.9%
Word 2MusCAT
14.2%
Word 4aBATtoir
13.5%
Word 5talisMAN
13.5%
Word 5MANdrill
13.3%
Word 3erRATic
12.5%
Word 5TasMANia
12.1%
Word 1CoruscANT
11.4%
Word 4noncomBATant
11.3%
Word 1AtlANTic
7%

You're not logged in!

Compare scores with friends on all Sporcle quizzes.
OR
Log In

You Might Also Like...

Show Comments

Extras

Top Quizzes Today


Score Distribution

Your Account Isn't Verified!

In order to create a playlist on Sporcle, you need to verify the email address you used during registration. Go to your Sporcle Settings to finish the process.

Report this User

Report this user for behavior that violates our Community Guidelines.

Details: